000 00555nam a2200181 i 4500
001 59371
003 ES-MaACL
005 20250907063044.0
007 t|
008 031028s1958 sp ||||1| spa d
100 1 _aElizalde, Ignacio,
_d1913-
_947009
245 1 0 _aTextos literarios comentados
_b: sexto curso, Plan 1957 /
_cIgnacio Elizalde.
250 _a[5ª ed.].
260 _aZaragoza :
_bHechos y Dichos,
_c[1958] (
_fImp. Tipo Línea)
300 _a256 p. ;
_c24 cm.
852 _aES-MaACL
_jC-20453
_bR.48863
999 _c59371
_d59371